Southville International School and Colleges
Your cart is empty.
  • Cart
  • Lists
    Public lists Eva Luna New books Lux_list list_1
    Your lists Log in to create your own lists
  • Log in to your account
  • Your cookies
  • Search history
Southville International School and Colleges
  • Advanced search
  • Recent comments
  • Most popular
  • Libraries

Log in to your account

Log in with GOOGLE


If you do not have an external account, but do have a local account, you can still log in:

  1. Home
  2. MARC view: Operations strategy /
Normal view MARC view ISBD view

Operations strategy / (Record no. 25353)

[ view plain ]
MARC details
000 -LEADER
fixed length control field 00618nam a2200217 a 4500
005 - DATE AND TIME OF LATEST TRANSACTION
control field 20140310183618.0
008 - FIXED-LENGTH DATA ELEMENTS--GENERAL INFORMATION
fixed length control field 121112s19uu xx 00 eng d
020 ## - INTERNATIONAL STANDARD BOOK NUMBER
International Standard Book Number 9780273740445
050 ## - LIBRARY OF CONGRESS CALL NUMBER
Classification number TS 155
Item number .Sl563 2011
100 ## - MAIN ENTRY--PERSONAL NAME
Personal name Slack, Nigel
245 ## - TITLE STATEMENT
Title Operations strategy /
Statement of responsibility, etc Nigel Slack, Mike Lewis.
250 ## - EDITION STATEMENT
Edition statement 3rd ed.
260 ## - PUBLICATION, DISTRIBUTION, ETC. (IMPRINT)
Place of publication, distribution, etc Harlow, England :
Name of publisher, distributor, etc Financial Times Prentice Hall,
Date of publication, distribution, etc 2011.
300 ## - PHYSICAL DESCRIPTION
Extent xxii, 434 p. :
Other physical details col. ill. ;
Dimensions 25 cm.
500 ## - GENERAL NOTE
General note Includes index
521 ## - TARGET AUDIENCE NOTE
Target audience note
650 ## - SUBJECT ADDED ENTRY--TOPICAL TERM
Topical term or geographic name as entry element Production management
700 ## - ADDED ENTRY--PERSONAL NAME
Personal name Lewis, Michael
942 ## - ADDED ENTRY ELEMENTS (KOHA)
Koha item type Books
Source of classification or shelving scheme Library of Congress Classification
Call number prefix Foreign
Holdings
Withdrawn status Lost status Source of classification or shelving scheme Damaged status Home library Current library Shelving location Date acquired Source of acquisition Cost, normal purchase price Total Checkouts Full call number Barcode Date last seen Date checked out Copy number Price effective from Koha item type
    Library of Congress Classification   College Library College Library Graduate Section 11/12/2012 Donation 7225.00 2 TS 155 .Sl563 2011 C15394 10/18/2022 10/06/2022 1 10/18/2013 Books

Operations strategy /

APA

Slack N., Lewis M., . (2011). Operations strategy. Harlow, England: Financial Times Prentice Hall.

Chicago

Slack Nigel, Lewis Michael, . 2011. Operations strategy. Harlow, England: Financial Times Prentice Hall.

Harvard

Slack N., Lewis M., . (2011). Operations strategy. Harlow, England: Financial Times Prentice Hall.

MLA

Slack Nigel, Lewis Michael, . Operations strategy. Harlow, England: Financial Times Prentice Hall. 2011.

  • Place hold
  • Print
  • Cite
  • Add to your cart (remove)
  • Save record
    BIBTEX Dublin Core MARCXML MARC (non-Unicode/MARC-8) MARC (Unicode/UTF-8) MARC (Unicode/UTF-8, Standard) MODS (XML) RIS
  • More searches
    Search for this title in:
    Other Libraries (WorldCat) Other Databases (Google Scholar) Online Stores (Bookfinder.com) Open Library (openlibrary.org)

Exporting to Dublin Core...

SOUTHVILLE LIBRARY

Southville International School and Colleges Library

1281 Tropical Ave. Cor. Luxembourg St., BF Homes International, Las Pinas City

Tel. No. 8256374 / 252358 Loc. 117/146

Powered by Koha